000 00872nam a22002771c 4500
001 a987677992
008 161115s ger d
020 _a3406025315
_93-406-02531-5
041 _ager
100 1 _aSpengler, Oswald
245 0 4 _aDer Untergang des Abendlandes :
_bUmrisse eine Morphologie des Weltgeschichte
250 _aungekürzte Sonderausg. in e. Bd.
264 _aMünchen :
_bBeck,
_c[2016]
300 _aXV, 1249 S.
500 _aElektronische Version - Ausgabe von 1920/1922 - 2 Bände
650 0 _aGeschichtsphilosophie
650 0 _aKulturkritik
650 0 _aKulturmorphologie
650 0 _aKulturphilosophie
856 4 _uhttps://archive.org/details/deruntergangdesa01spen
856 4 _uhttps://archive.org/details/deruntergangdes02spen
942 _cMG
040 _cRU-10907106
003 RU-10907106
999 _c36331
_d36331
490 0 _aBeck'sche Sonderausgaben